000 00791nam a22002177a 4500
999 _c2181
_d2181
003 AR-CdUCM
008 190304b ||||| |||| 00| 0 spa d
040 _aMUNICIPALIDAD PROVINCIAL DEL CUSCO
_cBIBLIOTECA MUNICIPAL DEL CUSCO
082 _a800 /
_bD69
100 _aGonzales Porto, Bompiani
_97867
245 _aDiccionario Literario :
_bDe Obras y Personajes de todos los tiempos y de todos los países /
260 _aBarcelona :
_bMontaner y Simón, S.A.
_c1960.
300 _c23 cm.
_a11 tomos ;
440 _aDiccionario Literario
_97868
505 _aContenido : t.1. Diccionario -- t.2. A -Cao -- t.3. Cap-Dh -- t.6 -- t.10 -- t.5: F. Hiz...
650 _aDiccionario.
_95196
650 _aLiteratura.
_944043
650 _aEspañol.
_97869
942 _2ddc
_cLIBROS
945 _admma